| 000 | 01168nam a2200229Ia 4500 | ||
|---|---|---|---|
| 001 | L853-36849 | ||
| 003 | IT-CnALBA | ||
| 008 | 170116s9999||||xx |||||||||||||| ||und|| | ||
| 040 |
_aIT-CnALBA _cIT-CnALBA |
||
| 041 | _aITALIANO | ||
| 100 | _aBEA FERNANDO | ||
| 245 | 0 | _aLA NEBBIA. | |
| 250 | _a1a ed. | ||
| 260 |
_aFIRENZE _bL'AUTORE LIBRI _c1995 [1° Ed.:1995 - Ed.Ling.Originale: 1995] |
||
| 300 | _a137 p. | ||
| 500 | _aNELLA NEBBIA IL DESIDERIO DEL SOLE. STORIA DI UNA FAMIGLIA DELLA BASSA PADANA NELLO SCENARIO DELLA GUERRA. NEBBIA SIMBOLO DI UN'EPOCA E DI UNA MENTALITÀ. PERSONAGGI: IVAN, TUFON, MAURO, DON LUIGI, PALMA, LISETTA. ANTIFASCISMO. DONNE MALTRATTATE E UMILIATE | ||
| 501 | _aSocietà San Paolo EM - Piazza San Paolo, 14 - 12051 ALBA (CN) (non commercial uses only) ® Copyright 2017 | ||
| 520 | _aNELLA NEBBIA IL DESIDERIO DEL SOLE. STORIA DI UNA FAMIGLIA DELLA BASSA PADANA NELLO SCENARIO DELLA GUERRA. NEBBIA SIMBOLO DI UN'EPOCA E DI UNA MENTALITÀ. PERSONAGGI: IVAN, TUFON, MAURO, DON LUIGI, PALMA, LISETTA. ANTIFASCISMO. DONNE MALTRATTATE E UMILIATE | ||
| 650 | _aNARRATIVA ITALIANA E POESIA | ||
| 942 | _cBK | ||
| 957 | _71 | ||
| 999 |
_a41621 _bNO _g Copie: 1 _c295656 _d295656 |
||